000 00453nam a2200169 i 4500
001 bg
100 1 _aBEREZKIN, V. G.
245 0 _aGazovaja chromatografija v chimii polimerov /
_cV.G. Berezkin, V.R. Alisoev, J.B. Nomirovskaja.
260 _aMoskva,
_c1972.
700 1 _aALISOEV, V. R.
700 1 _aNOMIROVSKAJA, I. B.
040 _cBPK
041 _apol
080 _a543.544:678.7
942 _cKS
008 s pl f |000 0 pol
999 _c14979
_d14979
856 _uhttp://koha.tu.koszalin.pl/cgi-bin/koha/opac-detail.pl?biblionumber=14979
_yKatalog online BPK